| 000 | 00760nam a2200181Ia 4500 | ||
|---|---|---|---|
| 005 | 20250423100821.0 | ||
| 008 | 250422s9999 xx 000 0 und d | ||
| 020 | _a9780972065405 | ||
| 050 | _aBP 252 .N87 H3713/ | ||
| 100 | _aNursi, Said | ||
| 245 | 0 | _aResurrection and the hereafter : from the Risale-i Nur Collection humanity’s encounter with the divine series = Haşir risalesi | |
| 260 | _aNew Jersey | ||
| 260 | _bTughra Books | ||
| 260 | _c2006 | ||
| 300 | _a192 p | ||
| 650 | _aIslam _ Faith Islam _ Essence, genius, nature Islam _ Universality Sufism Koran _ Criticism, interpretation, etc. Creation (Islam) İslam _ İman İslam _ Evrensellik Tasavvuf Kur’an-ı Kerîm _ Eleştiri, yorum, v.b. Yaratılış (İslamiyet) | ||
| 942 | _cBK | ||
| 999 |
_c34430 _d34430 |
||